Základné zameranie hospodárskej politiky SR v súčasnosti

Problémy súčasnej slovenskej hospodárskej politiky - úvod do konferencie.

Na minha lista:
Detalhes bibliográficos
Autor principal: Vincúr, Pavol
Formato: Capítulo de Livro
Idioma:eslovaco
Assuntos:
Tags: Adicionar Tag
Sem tags, seja o primeiro a adicionar uma tag!

MARC

LEADER 00000nla$a2200000$$$4500
001 0120831
005 20240502072352.7
041 0 |a slo 
044 |a SK 
245 1 0 |a Základné zameranie hospodárskej politiky SR v súčasnosti  |c Pavol Vincúr 
520 |a Problémy súčasnej slovenskej hospodárskej politiky - úvod do konferencie. 
610 2 0 |a politika hospodárska 
610 2 0 |a Slovensko 
100 1 |a Vincúr, Pavol